Кавалеры ордена Ленина: сборник очерков; Вып.2-й

Dades bibliogràfiques
Altres autors: Салуцкий А. (составитель)
Sumari:Исключено из фонда НТБ ТПУ
Idioma:rus
Publicat: Москва, Физкультура и спорт, 1974
Format: MixedMaterials Llibre
KOHA link:https://koha.lib.tpu.ru/cgi-bin/koha/opac-detail.pl?biblionumber=122907

MARC

LEADER 00000nam0a2200000 4500
001 122907
005 20231031130304.0
035 |a (RuTPU)RU\TPU\book\133057 
090 |a 122907 
100 |a 20071010d1974 m y0rusy50 ca 
101 0 |a rus 
102 |a RU 
105 |a a z 000cy 
200 1 |a Кавалеры ордена Ленина  |e сборник очерков  |h Вып.2-й  |f сост. А. Салуцкий 
210 |a Москва  |c Физкультура и спорт  |d 1974 
215 |a 240 с.  |c ил. 
333 |a Исключено из фонда НТБ ТПУ 
702 1 |a Салуцкий  |b А.  |4 220 
801 1 |a RU  |b 63413507  |c 20071010  |g PSBO 
801 2 |a RU  |b 63413507  |c 20220616  |g RCR 
942 |c BK